000
00322nam a2200145Ia 4500
008
191201s2005 xx 000 0 und d
082
_a
429
_b
BAS
100
_a
BANSAL, R K
245
0
_a
Spoken English
250
_a
2nd
260
_a
N.Delhi
_b
Orient Longman
_c
2005
300
_a
191
650
_a
Applied
942
_2
ddc
_c
BK
999
_c
917
_d
917